En busca de la maravilla perdida / (Registro nro. 3529)
[ vista simple ]
| 000 -LEADER | |
|---|---|
| fixed length control field | 00871nam a2200217Ia 4500 |
| 003 - CONTROL NUMBER IDENTIFIER | |
| control field | OSt |
| 005 - DATE AND TIME OF LATEST TRANSACTION | |
| control field | 20250711154646.0 |
| 008 - FIXED-LENGTH DATA ELEMENTS--GENERAL INFORMATION | |
| fixed length control field | 191128t2003 ck br 000 f spa d |
| 020 ## - INTERNATIONAL STANDARD BOOK NUMBER | |
| International Standard Book Number | 8408047566 |
| 040 ## - CATALOGING SOURCE | |
| Original cataloging agency | CO-JMCR |
| Transcribing agency | CO-JMCR |
| 041 ## - LANGUAGE CODE | |
| Language code of text/sound track or separate title | spa |
| 082 04 - DEWEY DECIMAL CLASSIFICATION NUMBER | |
| Classification number | N |
| Item number | STIb |
| 100 1# - MAIN ENTRY--PERSONAL NAME | |
| Personal name | Stilton, Geronimo, |
| Relator term | autor |
| 9 (RLIN) | 8224 |
| 245 10 - TITLE STATEMENT | |
| Title | En busca de la maravilla perdida / |
| Statement of responsibility, etc. | Geronimo Stilton |
| 260 ## - PUBLICATION, DISTRIBUTION, ETC. | |
| Place of publication, distribution, etc. | Bogotá : |
| Name of publisher, distributor, etc. | Editorial Planeta, |
| Date of publication, distribution, etc. | ©2003 |
| 300 ## - PHYSICAL DESCRIPTION | |
| Extent | 116 páginas : |
| Other physical details | ilustraciones a color ; |
| Dimensions | 20 cm. |
| 490 0# - SERIES STATEMENT | |
| Series statement | Camaleón |
| 520 ## - SUMMARY, ETC. | |
| Summary, etc. | Todo empezó con un café con leche… ¿Un café con leche? Pero ¿qué tiene que ver el café con leche con toda esta historia? Sí, así empezó todo: mi loca pasión por Provoleta, la expedición a la Isla Mariposa en busca de la Octava Maravilla… Una aventura fant |
| 650 14 - SUBJECT ADDED ENTRY--TOPICAL TERM | |
| Topical term or geographic name entry element | Novela italiana |
| 9 (RLIN) | 832 |
| 942 ## - ADDED ENTRY ELEMENTS (KOHA) | |
| Source of classification or shelving scheme | Dewey Decimal Classification |
| Koha item type | Books |
| Withdrawn status | Lost status | Source of classification or shelving scheme | Damaged status | Not for loan | Collection code | Home library | Current library | Date acquired | Source of acquisition | Total Checkouts | Total Renewals | Full call number | Barcode | Date last seen | Date last checked out | Copy number | Koha item type | Price effective from |
|---|---|---|---|---|---|---|---|---|---|---|---|---|---|---|---|---|---|---|
| Dewey Decimal Classification | Fiction | Biblioteca Pública José María del Castillo y Rada | Biblioteca Pública José María del Castillo y Rada | 11/28/2019 | Donación | 6 | 4 | N STIb | 201811633 | 11/27/2025 | 11/27/2025 | Ej.1 | Books | |||||
| Dewey Decimal Classification | Fiction | Biblioteca Pública José María del Castillo y Rada | Biblioteca Pública José María del Castillo y Rada | 11/28/2019 | Donación | 3 | N STIb | 201811327 | 11/27/2025 | 11/27/2025 | Ej.2 | Books | 12/09/2021 |